| 000 | 00793nam a2200253 i 4500 | ||
|---|---|---|---|
| 001 | 16315 | ||
| 003 | ES-MaACL | ||
| 005 | 20230906151306.0 | ||
| 007 | t| | ||
| 008 | 000828s1997 sp ||||1| spa d | ||
| 020 | _a84-306-0231-3 | ||
| 080 | _a316.356.2(091) | ||
| 100 | 1 |
_aSegalen, Martine. _9105112 |
|
| 245 | 1 | 0 |
_aAntropología histórica de la familia / _cMartine Segalen ; [traducción, Jesús Contreras]. |
| 250 | _a2ª ed. | ||
| 260 |
_aMadrid : _bTaurus, _c1997. |
||
| 300 |
_a264 p. : _bil., gráf. ; _c21 cm. |
||
| 490 | 1 | _aTaurus universitaria. Ciencias sociales | |
| 650 | 4 |
_aFamilias- _vHistoria. _9172435 |
|
| 700 | 1 |
_aContreras, Jesús. _940307 |
|
| 830 | 1 |
_aTaurus universitaria. Ciencias sociales _9228641 |
|
| 852 |
_aES-MaACL _jL-23464 |
||
| 999 |
_c16315 _d16315 |
||